LEADER 01344nam 2200409 450 001 000003656 005 20070503173600.0 100 $a--------d1925----km-y0itay0103----ba 101 0 $aeng 102 $aUS 200 1 $aIn the South Seas$fby Robert Louis Stevenson 200 1 $a1 $n0007376 210 $aNew York$cScribner$d1925 215 $aX, 390 p.$d17 cm 225 1 $a<> works of Robert Louis Stevenson$v20 607 $aPolinesia$xDescrizione e viaggi 676 $a919.6304 700 1$aStevenson,$bRobert Louis$07383 801 0$aIT$bUniversitą della Basilicata - B.I.A.$gRICA$2unimarc 912 $a000003656 996 $aIn the South Seas$972131 997 $aUNIBAS BAS $aMONLET BAS $aMONOGR BAS $aLETTERE CAT $aLOTITO$b01$c19991104$lBAS01$h1040 CAT $aDILEO$b01$c19991116$lBAS01$h1002 CAT $c20000920$lBAS01$h1831 CAT $c20001010$lBAS01$h1634 CAT $c20050601$lBAS01$h1753 CAT $abatch$b01$c20050718$lBAS01$h1048 CAT $c20050718$lBAS01$h1107 CAT $c20050718$lBAS01$h1137 CAT $c20050718$lBAS01$h1151 CAT $aBATCH$b00$c20070503$lBAS01$h1736 FMT Z30 -1$lBAS01$LBAS01$mBOOK$1BASA1$APolo Storico-Umanistico$2GEN$BCollezione generale$3FP/4533$9FP/4533$64533$5L4533$819991104$f02$FPrestabile Generale LEADER 01515nam--2200457---450- 001 990000497350203316 005 20090703162900.0 035 $a0049735 035 $aUSA010049735 035 $a(ALEPH)000049735USA01 035 $a0049735 100 $a20010608h----1992km-y0itay0103----ba 101 $aita 102 $aIT 105 $a||||||||001yy 200 1 $aAttivitą produttitą, prezzi e implicazioni territoriali$eelementi per programmare lo sviluppo e organizzare il territorio$fFrancesco Citarella 210 $aNapoli$cLoffredo$h1992 215 $a264 p.$d23 cm 410 $12001 461 1$1001-------$12001 606 0 $aSviluppo economico e pianificazione territoriale 676 $a330.9 700 1$aCITARELLA,$bFrancesco$038931 801 0$aIT$bsalbc$gISBD 912 $a990000497350203316 951 $aIII.1. 1907(I L 194)$b126637 LM$cI L 951 $aIII.1. 1907b(I L 194 BIS)$b126638 LM$cI L 951 $aIII.1. 1907a(I L 194 A)$b126638 LM$cI L 951 $a330.9 CIT 2 (TESTI 1577)$b5774 EC$cTESTI$d00240278 951 $aI L 194$b5475 LM$cI L 951 $aI L 194$b5476 LM$cI L 959 $aBK 969 $aUMA 969 $aECO 979 $aPATTY$b90$c20010608$lUSA01$h1247 979 $c20020403$lUSA01$h1658 979 $aPATRY$b90$c20040406$lUSA01$h1634 979 $aCOPAT3$b90$c20050308$lUSA01$h1307 979 $aRSIAV4$b90$c20090703$lUSA01$h1629 996 $aAttivitą produttitą, prezzi e implicazioni territoriali$9887633 997 $aUNISA